Walter lippmann's philosophy of international politics

Guardat en:
Dades bibliogràfiques
Autor principal: Anwar Hussain Syed
Format: Llibre
Idioma:Undetermined
Publicat: London University of Pennsylvania Press 1963
Matèries:
Etiquetes: Afegir etiqueta
Sense etiquetes, Sigues el primer a etiquetar aquest registre!
Thư viện lưu trữ: Trung tâm Học liệu Trường Đại học Cần Thơ
LEADER 00527nam a2200181Ia 4500
001 CTU_92075
008 210402s9999 xx 000 0 und d
082 |a 327.01 
082 |b S982 
100 |a Anwar Hussain Syed 
245 0 |a Walter lippmann's philosophy of international politics 
245 0 |c Anwar Hussain Syed 
260 |a London 
260 |b University of Pennsylvania Press 
260 |c 1963 
650 |a lippmann, walter, 1889-1974 
904 |i Truc 
980 |a Trung tâm Học liệu Trường Đại học Cần Thơ